000 00721nam a2200229Ii 4500
003 JO-AjNU
008 230605s9999||||xx |||||||||||||| ||und||
017 _a2005/1/83
020 _a9957-452-13-4
040 _aJO-AjNU
_bara
_erda
_cJO-AjNU
041 _aara
050 1 4 _aBF721.J8524.2005
100 3 _aجمعة،بسام,
_eauthor
_916227
245 0 0 _aطرق تدريس الطفل
250 _aط1
264 3 1 _aعمان:دار البداية ناشرون وموزعون ، 2005
300 _a116ص
336 _atext
_btxt
_2rdacontent
337 _aunmediated
_bn
_2rdamedia
338 _avolume
_bnc
_2rdacarrier
650 4 _aسيكولوجية الطفولة-رعاية الطفولة-الاطفال
_916228
999 _aA4762
_c8330
_d8330